Central Library OPAC University of Rajshahi

Photoconductivity in the elements / (Record no. 9108)

MARC details
000 -LEADER
fixed length control field 00730cam a22002531i 4500
001 - CONTROL NUMBER
control field 9108
003 - CONTROL NUMBER IDENTIFIER
rucl marc code BD-RjUL
005 - DATE AND TIME OF LATEST TRANSACTION
control field 20211208234722.0
008 - FIXED-LENGTH DATA ELEMENTS--GENERAL INFORMATION
fixed length control field 140120t1952 enka 001 0 eng
035 ## - SYSTEM CONTROL NUMBER
System control number (BD-RjUL)9153
System control number (OCoLC)3178623
040 ## - CATALOGING SOURCE
Original cataloging agency DLC
Transcribing agency LMN
Modifying agency Uk
-- DLC
-- BD-RjUL
Language of cataloging eng
041 ## - LANGUAGE CODE
Language code of text/sound track or separate title eng
082 04 - DEWEY DECIMAL CLASSIFICATION NUMBER
Classification number 537.54
Edition number 16
Author mark and year MOP 1952
100 1# - MAIN ENTRY--PERSONAL NAME
Personal name Moss, T. S.
Fuller form of name (Trevor Simpson)
9 (RLIN) 28275
245 10 - TITLE STATEMENT
Title Photoconductivity in the elements /
Statement of responsibility, etc. Trevor simpson moss.
260 ## - PUBLICATION, DISTRIBUTION, ETC. (IMPRINT)
Place of publication, distribution, etc. London :
Name of publisher, distributor, etc. Butterworths Scientific Publications,
Date of publication, distribution, etc. 1952.
300 ## - PHYSICAL DESCRIPTION
Pagination 263 p. :
Illustrations ill. ;
Size 23 cm.
504 ## - BIBLIOGRAPHY, ETC. NOTE
Bibliography, etc Includes index.
650 #0 - SUBJECT ADDED ENTRY--TOPICAL TERM
Topical term or geographic name as entry element Photoconductivity.
9 (RLIN) 28276
942 ## - ADDED ENTRY ELEMENTS (KOHA)
Source of classification or shelving scheme Dewey Decimal Classification
Koha item type Books
Holdings
Lost status Source of classification or shelving scheme Damaged status Not for loan Collection code Permanent Location Current Location Shelving location Date acquired Source of acquisition Total Checkouts Full call number Date last seen Copy number Koha item type
  Dewey Decimal Classification   Not For Loan Non-fiction Central Library, University of Rajshahi Central Library, University of Rajshahi Reading Room 18/01/1961 Colombo Plan, Uk govt.   537.54 MOP 1952 20/01/2014 C-1 Books